Medical Drama by Doctor - Statistics

General Stats
  • This quiz has been taken 58 times
  • The average score is 5 of 15
Answer Stats
Years Character TV Show % Correct
2017-2024 Dr. Shaun Murphy, Dr. Aaron Glassman, Dr. Marcus Andrews The Good Doctor
86%
2005- Dr. Miranda Bailey, Dr. Richard Webber, Dr. Alex Karev Grey's Anatomy
76%
2004-2012 Dr. Eric Foreman, Dr. James Wilson, Dr. Robert Chase House
61%
2015- Dr. Will Halstead, Dr. Natalie Manning, Dr. Daniel Charles Chicago Med
57%
2007-2013 Dr. Addison Forbes Montgomery, Dr. Cooper Freedman, Dr. Charlotte King Private Practice
45%
1994-2009 Dr. Mark Greene, Dr. Doug Ross, Dr. Peter Benton ER
41%
2018-2023 Dr. Max Goodwin, Dr. Lauren Bloom, Dr. Floyd Reynolds New Amsterdam
41%
2001-2010 Dr. Christopher Turk, Dr. Perry Cox, Dr. Bob Kelso Scrubs
35%
2020-2024 Dr. Bashir "Bash" Hamed, Dr. Magalie "Mags" Leblanc, Dr. Jedediah "Jed" Bishop Transplant
20%
1982-1988 Dr. Victor Ehrlich, Dr. Wayne Fiscus, Dr. Jack Morrison St. Elsewhere
16%
1989-1993 Dr. Benjamin Canfield, Dr. David Howser, Dr. Jack McGuire Doogie Howser, M.D.
14%
2012-2017 Dr. Alex Reid, Dr. Charlie Harris, Dr. Zachary Miller Saving Hope
12%
1994-2000 Dr. Jeffrey Geiger, Dr. Aaron Shutt, Dr. Phillip Watters Chicago Hope
8%
2009-2016 Dr. Henry "Hank" Lawson, Dr. Jeremiah Sacani, Dr. Emily Peck Royal Pains
8%
2009-2015 Dr. Fitch Cooper, Dr. Eleanor O'Hara, Dr. Carrie Roman Nurse Jackie
4%
No matching quizzes found
Score Distribution
Percent of People with Each Score
Percentile by Number Answered
Your Score History
You have not taken this quiz